Score 0/12 Timer 01:30
3 Plays Today
% Correct
Brad Pitt
94.9%
Ellen Degeneres
89.1%
Jennifer Lawrence
87.2%
Meryl Streep
83.7%
Bradley Cooper
82.9%
Julia Roberts
78.7%
Kevin Spacey
76.1%
Angelina Jolie
75.9%
Jared Leto
47%
Lupita Nyong'o
35.1%
Channing Tatum
31.3%
Peter Nyong'o
29%
Remove Ads.
Support Sporcle.
Get the best of Sporcle when you Go Orange. This ad-free experience offers more features, more stats, and more fun while also helping to support Sporcle. Thank you for becoming a member.

You're not logged in!

Compare scores with friends on all Sporcle quizzes.
OR
Log In

Show Comments

Extras

Top Quizzes Today


Score Distribution

Your Account Isn't Verified!

In order to create a playlist on Sporcle, you need to verify the email address you used during registration. Go to your Sporcle Settings to finish the process.

Report this User

Report this user for behavior that violates our Community Guidelines.

Details: